[Event "68th RUS-ch Women Superfinal 2018"]
[Site "Satka"]
[Date "2018.08.27"]
[Round "3"]
[White "Tomilova, Elena"]
[Black "Protopopova, Anastasiya"]
[Result "1/2-1/2"]
[WhiteElo "2332"]
[BlackElo "2332"]
[Annotator "TA"]
[PlyCount "160"]
[EventDate "2018.08.25"]
[EventType "tourn"]
[EventCountry "RUS"]
[SourceTitle "playchess.com"]
[Source "ChessBase"]
[SourceQuality "1"]

{[%evp 19,160,5,6,0,16,0,0,-17,-15,-46,-10,-10,16,13,8,11,18,-25,-25,-48,-32,-37,-2,-20,-17,-31,0,-14,0,-22,-22,-16,-19,-18,-18,-23,-16,-52,-48,-57,-57,-57,-57,-63,-54,-54,-57,-64,-64,-70,-70,-70,-68,-66,-66,-65,-57,-58,-56,-55,-62,-81,-51,-51,0,-88,-51,-109,-51,-51,0,-55,-59,-86,-60,-61,-51,-80,-39,-43,-42,-45,-41,-31,-33,-46,-11,-13,-12,-16,-12,-17,-16,-16,-23,-67,-8,-8,0,-47,-31,-158,-150,-145,-154,-150,-172,-152,-129,-212,-134,-192,-105,-112,-24,-24,-36,-4137,0,-4137,-4137,-712,-93,-195,-188,-1183,0,-1453,-824,-4137,-4137,-4841,-8,-8,-8,-8,-8,-25,-25,-25,-25,-25,-25]} 1. c4 e5 2. g3 Nf6 3. Bg2 Bc5 4. Nc3 O-O 5. e3 c6 {[%cal Bc7c6,Bc6d5][%mdl 32]} 6. Nge2 {A23: English Opening: 1...e5 2 Nc3 Nf6 3 g3 c6} d5 7. cxd5 Nxd5 8. Nxd5 cxd5 9. d4 exd4 10. exd4 (10. Nxd4 Nc6 11. Nxc6 bxc6 12. O-O Be6 13. Qc2 Qb6 {½-½ (28) Carlsen,M (2843)-Ding,L (2791) Stavanger 2018}) 10... Bb6 {LiveBook: 4 Games} 11. O-O Nc6 12. Nf4 $146 ({Predecessor:} 12. Be3 Bg4 13. h3 Bxe2 14. Qxe2 Nxd4 15. Qd2 Nc6 16. Bxb6 Qxb6 17. Qxd5 {½-½ (17) Mista,A (2562)-Vitiugov,N (2700) Czechia 2013}) 12... Bxd4 13. Nxd5 Be6 14. Qf3 Qd7 15. Be3 Bg4 16. Qf4 Bxb2 17. Rab1 Be5 18. Qa4 (18. Ne7+ $5 Qxe7 19. Qxg4 $11) 18... Rad8 19. Qb5 Qe6 20. Rfe1 Rfe8 21. Rbc1 Qd7 22. Rb1 Qe6 23. Rbc1 Qd7 24. Rb1 Rb8 25. Nf4 Bxf4 26. Bxf4 Rxe1+ 27. Rxe1 Rc8 28. Be3 h6 29. Rb1 b6 30. Rc1 {[%cal Rg2c6]} Ne7 31. Qxd7 Rxc1+ 32. Bxc1 Bxd7 $15 {[%mdl 4096] Endgame KBB-KBN} 33. Ba3 Kf8 34. Bd6 Ke8 35. f4 Be6 36. a3 Kd7 37. Bb4 a5 38. Bc3 f6 39. Kf2 Kd6 40. Ke3 Bd5 41. Bh3 Be6 42. Bg2 Nf5+ 43. Kd2 (43. Kd3 $1 $15) 43... Bd5 (43... Kc5 $1 $17 44. Kd3 Bc4+ 45. Kd2 Nd6) 44. Bh3 Ne7 (44... Be4 $15) 45. Bf1 (45. Ke3 $1 $11) 45... Kc5 46. Bb2 Nc8 47. Ke3 Nd6 48. Bd4+ Kc6 49. g4 Be6 50. f5 Bc4 51. Bg2+ Bd5 52. Bf1 Ne4 53. Bd3 Nc5 54. Bf1 b5 55. h4 b4 56. axb4 axb4 57. Kf4 Ne4 (57... Nb3 $15 58. Be3 Bh1) 58. Bd3 $11 Nc5 59. Bb1 Nb3 60. Bb2 ({White should try} 60. Be3 $15) 60... Nd2 $1 $17 {[%cal Rd2b1]} 61. Bd3 Nf3 $1 62. Kg3 Kc5 63. Be2 Nd4 64. Bd1 (64. Kf2 $17) 64... Kc4 {aiming for ...Nb5.} 65. Kf4 (65. g5 $17) 65... Kd3 (65... Nb5 $1 $19 66. Ke3 Nc3) 66. g5 hxg5+ (66... Bg2 $17 67. Bh5 hxg5+ 68. hxg5 Bd5) 67. hxg5 $11 Be4 68. Ba4 $2 {[%mdl 8192] [#]} (68. gxf6 $15 gxf6 69. Bh5) 68... Ne2+ $1 $19 69. Kg4 {[#]} Nc3 $1 {[%cal Rc3a4]} 70. Bb3 Ke3 $2 (70... Bd5 $19 {is more deadly.} 71. Bxd5 Nxd5) 71. gxf6 (71. Bc1+ $17 {was the only defense.} Kd3 72. Be6) 71... gxf6 72. Be6 $2 (72. Bc1+ Kd3 73. Be6) 72... Bd5 $2 (72... Kd2 $19 73. Bb3 Bc2) 73. Bd7 $2 {[%mdl 8192]} (73. Kh5 $11) 73... Kd2 74. Kh5 Kc2 75. Ba1 b3 $2 (75... Kb1 $19 76. Bxc3 bxc3) 76. Kg6 $11 Ne4 77. Be6 Bc6 {[#] And now ...b2 would win.} 78. Bxb3+ $1 {[%mdl 512]} Kxb3 {Black has an edge.} 79. Bxf6 Be8+ 80. Kg7 Bd7 {Precision: White = 41%, Black = 49%.} 1/2-1/2

[Event "68th RUS-ch Women Superfinal 2018"]
[Site "Satka"]
[Date "2018.08.28"]
[Round "4"]
[White "Kosteniuk, Alexandra"]
[Black "Tomilova, Elena"]
[Result "1-0"]
[WhiteElo "2559"]
[BlackElo "2332"]
[Annotator "TA"]
[PlyCount "73"]
[EventDate "2018.08.25"]
[EventType "tourn"]
[EventCountry "RUS"]
[SourceTitle "playchess.com"]
[Source "ChessBase"]
[SourceQuality "1"]

{[%evp 24,73,0,0,0,0,0,0,17,13,40,37,35,29,47,31,37,26,31,13,16,4,203,201,202,199,184,176,505,501,505,505,504,504,482,368,373,376,541,539,537,529,503,497,1695,1677,1361,1347,29992,29993,29993,29993]} 1. e4 e6 2. d4 d5 3. Nc3 Bb4 4. e5 c5 5. a3 Bxc3+ 6. bxc3 Qa5 7. Bd2 Qa4 8. Qg4 Kf8 9. Qd1 {C18: Französische Verteidigung (Nimzowitsch-Variante)} (9. h4 Nc6 10. h5 h6 11. Qd1 cxd4 12. Nf3 dxc3 13. Bxc3 g5 14. hxg6 Qe4+ 15. Be2 Qxg6 16. Qd2 Nge7 17. Bd3 Qxg2 18. Ke2 Qg4 19. Rh4 Qg7 20. Rg1 Ng6 21. Rf4 Nce7 22. Bb4 a5 23. Rxg6 {1-0 (23) Caruana,F (2804)-Lenderman,A (2599) Saint Louis 2018}) 9... b6 10. dxc5 bxc5 11. c4 Ba6 12. cxd5 Bxf1 13. Kxf1 {LiveBook: 5 Partien. Droht Le3 und aus.} exd5 14. Nf3 Nd7 {[%cal Bb8d7,Bd7b6,Bb6c4][%mdl 32]} 15. g3 Ne7 16. Kg2 h6 17. Re1 $146 Qc6 18. Qe2 Nb6 19. a4 Nc4 20. Bc3 Re8 21. Rab1 {[%cal Ba1b1,Bb1b5,Bb5c5][%mdl 32]} Ng6 22. Qd3 {und nun wäre e6! stark für Weiss.} Qe6 $2 {[#]} (22... Kg8 $11 {und Schwarz muss sich keine Sorgen machen.}) 23. Rb5 $1 $18 Rc8 {[#]} 24. Rxc5 $1 {[%mdl 512]} Rxc5 25. Bb4 Qb6 $2 (25... Kg8 {leistet mehr Widerstand.} 26. Bxc5 Kh7) 26. Qxd5 $1 Kg8 27. Bxc5 Qe6 28. Qxe6 fxe6 29. Bxa7 Kf7 30. Rb1 {Und weiter mit Tb7+ wäre nett.} Ngxe5 (30... Rc8 $142 31. Rb7+ Ne7) 31. Rb7+ Kg6 32. Bd4 Nxf3 33. Rxg7+ Kh5 (33... Kf5 $142) 34. Kxf3 {Droht stark Lf6.} e5 35. Bc5 {Weiss droht Kg2 und Matt.} Rc8 36. Be7 {[%csl Gf3,Gg7][%cal Rg3g4]} e4+ 37. Kf4 {Precision: Weiß = 76%, Schwarz = 35%.} 1-0

[Event "68th RUS-ch Women Superfinal 2018"]
[Site "Satka"]
[Date "2018.08.28"]
[Round "4"]
[White "Girya, Olga"]
[Black "Kashlinskaya, Alina"]
[Result "1-0"]
[WhiteElo "2462"]
[BlackElo "2440"]
[Annotator "TA"]
[PlyCount "89"]
[EventDate "2018.08.25"]
[EventType "tourn"]
[EventCountry "RUS"]
[SourceTitle "playchess.com"]
[Source "ChessBase"]
[SourceQuality "1"]

{[%evp 17,89,40,52,51,48,38,48,51,55,47,45,44,56,24,24,24,38,30,42,32,30,41,58,51,94,91,86,77,77,80,142,141,162,144,150,135,193,202,188,197,232,235,239,223,295,293,293,276,370,362,527,527,517,507,475,395,381,352,479,481,767,773,861,857,850,832,1025,1022,928,888,840,848,1118,1105]} 1. d4 Nf6 2. Nf3 d5 3. c4 e6 4. Nc3 Bb4 5. Qa4+ Nc6 6. e3 O-O 7. Bd2 Re8 {D38: Queen's Gambit Declined: Ragozin Defence (4 Nf3 Bb4)} (7... dxc4 8. Bxc4 Bd6 9. e4 e5 10. dxe5 Nxe5 11. Nxe5 Bxe5 12. O-O-O Qe8 13. Qxe8 Rxe8 14. f3 Be6 15. Bxe6 Rxe6 {½-½ (67) Navara,D (2727)-Harikrishna,P (2732) Prague 2018}) 8. a3 Bd6 9. c5 Bf8 {LiveBook: 4 Games. White is slightly better.} 10. Bb5 $1 Bd7 11. Qc2 a6 12. Bxc6 Bxc6 13. Ne5 Nd7 {[#] And now ...Nxe5 would win.} 14. Nxc6 bxc6 15. f4 $146 ({Predecessor:} 15. O-O) 15... Qh4+ 16. g3 Qh5 17. O-O Nf6 18. Nd1 a5 19. a4 Ne4 20. Nf2 Qf5 {next ...Nxg3! is good for Black.} 21. Nxe4 Qxe4 22. Qxe4 dxe4 23. b4 f6 ({Better is} 23... axb4 24. Bxb4 Ra7) 24. bxa5 $16 e5 25. fxe5 fxe5 26. Kf2 g6 (26... Red8 $16) 27. Ke2 Bg7 28. Bc3 exd4 29. exd4 Rad8 30. Rad1 Rd7 31. a6 Ra8 32. Rb1 h5 33. a5 Rxa6 (33... Kh7 $142 34. Rf4 Re7) 34. Rb8+ $18 Kh7 35. Re8 Ra7 36. Rb1 g5 37. Ke3 Kg6 38. Re6+ {White is clearly winning.} Kf7 (38... Kf5 $142) 39. Rxc6 Re7 40. a6 Re6 41. Rf1+ Ke7 42. Rxe6+ Kxe6 {[#]} 43. d5+ $1 {[%mdl 512]} Kxd5 44. Bxg7 Rxa6 45. Rf5+ {Precision: White = 85%, Black = 44%.} 1-0

[Event "68th RUS-ch Women Superfinal 2018"]
[Site "Satka"]
[Date "2018.08.28"]
[Round "4"]
[White "Bodnaruk, Anastasia"]
[Black "Gunina, Valentina"]
[Result "1/2-1/2"]
[WhiteElo "2449"]
[BlackElo "2528"]
[Annotator "TA"]
[PlyCount "148"]
[EventDate "2018.08.25"]
[EventType "tourn"]
[EventCountry "RUS"]
[SourceTitle "playchess.com"]
[Source "ChessBase"]
[SourceQuality "1"]

{[%evp 16,148,50,38,69,73,102,85,80,59,102,54,89,83,94,68,212,204,210,142,161,78,112,87,141,138,141,128,141,136,143,17,122,0,50,27,72,72,76,69,75,72,105,100,85,60,106,59,66,63,72,64,71,61,68,0,6,6,3,-11,0,-21,-4,-34,0,-100,-107,-104,26,42,53,47,57,0,0,-13,-9,-35,-29,-131,-135,-95,-102,-183,-159,-166,0,-77,-75,-266,-244,-201,-45,-164,0,0,0,0,0,0,0,-345,-321,-477,-166,-1219,-1042,-1251,-1123,-1209,-916,-1039,-940,-1640,-1580,-12843,0,0,0,0,0,0,0,0,0,0,0,0,0,0,0,0,0,0,0]} 1. e4 c6 2. d4 d5 3. e5 Bf5 4. Nf3 e6 5. Be2 Ne7 6. O-O h6 7. c3 Nd7 8. Nbd2 {B12: Caro-Kann: Advance Variation} a6 9. b4 {LiveBook: 4 Games} Bh7 10. Nb3 {White is slightly better.} Ng6 11. g3 $146 ({Predecessor:} 11. a4 Be7 12. Bd3 O-O 13. g3 f6 14. exf6 Rxf6 15. Qe2 {1-0 (58) Ponomariov,R (2710)-Khairullin,I (2652) Berlin 2015}) 11... Be7 12. Bd3 O-O 13. Ne1 b6 14. f4 {[%cal Bf2f4,Bf4f5][%mdl 32]} c5 15. f5 Ngxe5 (15... c4 $14) 16. dxe5 $18 Nxe5 17. Bc2 a5 18. Qe2 (18. bxa5 $18 {and White stays clearly on top. Black must now prevent fxe6.} bxa5 19. Bf4) 18... Bf6 19. bxa5 exf5 (19... Bxf5 $142 20. Bxf5 exf5) 20. axb6 $16 Qxb6 21. Be3 d4 22. cxd4 Ng4 23. Bf2 (23. dxc5 $16 Qe6 24. Ng2) 23... Rfe8 (23... cxd4 $11 24. Nd3 Rfe8) 24. Qf3 (24. Qc4 $16) 24... cxd4 25. Nd3 Ne3 26. Rfc1 f4 {Hoping for ...Be4.} 27. Nbc5 fxg3 28. hxg3 Rac8 {And now ...Bxd3 would win.} 29. Ba4 Red8 30. Rab1 Qa5 31. Be1 Qa7 32. Qb7 Rc7 33. Qxa7 Rxa7 34. Bb3 $1 Be7 35. Rb2 (35. Ra1 $1 $14) 35... Rc8 $11 36. Rf2 Bd6 37. Bd2 Bxg3 38. Rf3 Bd6 39. Kf2 Ng4+ 40. Ke2 (40. Kg1 $11 {remains equal.}) 40... Re7+ $17 41. Kd1 {With the idea Bf4.} Bg6 (41... g5 $17 42. Rc4 Ne3+ 43. Bxe3 dxe3) 42. Bf4 $1 $11 {[%cal Rf4d6]} Bxc5 43. Rxc5 Rce8 44. Bc2 ({White should play} 44. Kc1 $14) 44... Re2 45. Kc1 Ne3 $36 {[%mdl 2048] White is under pressure.} 46. Bxe3 dxe3 ({Of course not} 46... R8xe3 $6 47. Rxe3 dxe3 48. a4 $16) 47. Rf1 (47. Rc7 $11) 47... Bxd3 $1 $17 48. Bxd3 Rxa2 49. Rc2 (49. Re1 $17 {was necessary.}) 49... Ra3 50. Bc4 Ra7 $2 (50... Ra1+ $19 51. Kb2 Rxf1 52. Bxf1 f5) 51. Kb2 {[#]} (51. Kd1 $11 {keeps the balance.}) 51... g5 $1 52. Re2 $2 (52. Kc3 $17) 52... Kg7 $19 53. Rf3 Rb8+ $2 (53... g4 $19 54. Rfxe3 Rxe3 55. Rxe3 f5) 54. Bb3 {[#]} (54. Kc3 $15) 54... Re7 $2 ({Better is} 54... g4 $1 $19 {[%cal Rg4f3]} 55. Rfxe3 h5) 55. Rexe3 $11 Rxe3 (55... Rc7 {seems wilder.} 56. Rc3 Rbb7 57. Rxc7 Rxc7 58. Bd1 f6) 56. Rxe3 {[%mdl 4096] Endgame KRB-KR} f5 57. Kc3 g4 {Threatens to win with ...h5.} 58. Bd5 $2 {[%mdl 8192]} (58. Re6 $11 {and White stays safe.}) 58... Kf6 59. Kd4 (59. Kd2 $142) 59... Rb4+ $2 (59... h5 60. Re6+ Kg5) 60. Kc5 $2 (60. Kd3) 60... Rb1 $19 61. Re8 h5 62. Rh8 Kg5 63. Rg8+ Kh4 64. Bf7 g3 65. Kd4 Rf1 $2 (65... Rb4+ $19 66. Bc4 f4) 66. Ke3 $11 {The position is equal.} Kh3 {aiming for ...h4.} 67. Bxh5 {Bf3 is the strong threat.} Kg2 (67... g2 $5 68. Be2 $8 g1=Q+ 69. Rxg1 Rxg1 $11) 68. Rf8 Rf2 69. Be2 Kh2 70. Bf3 {Rh8+ would kill now.} g2 71. Rh8+ Kg1 72. Rg8 Ra2 73. Bxg2 Rxg2 74. Rxg2+ Kxg2 {Precision: White = 41%, Black = 44%.} 1/2-1/2

[Event "68th RUS-ch Women Superfinal 2018"]
[Site "Satka"]
[Date "2018.08.28"]
[Round "4"]
[White "Shuvalova, Polina"]
[Black "Goryachkina, Aleksandra"]
[Result "0-1"]
[WhiteElo "2413"]
[BlackElo "2535"]
[Annotator "TA"]
[PlyCount "80"]
[EventDate "2018.08.25"]
[EventType "tourn"]
[EventCountry "RUS"]
[SourceTitle "playchess.com"]
[Source "ChessBase"]
[SourceQuality "1"]

{[%evp 21,80,12,16,15,18,20,19,32,39,19,112,112,112,112,116,129,110,109,113,137,178,0,0,-133,-137,-136,-146,-136,-139,-150,-141,-363,-295,-287,-289,-450,-442,-427,-439,-417,-396,-743,-744,-706,-720,-667,-647,-586,-472,-493,-435,-1088,-746,-1571,-1545,-1418,-743,-1375,-1365,-29990,-29988]} 1. d4 d5 2. c4 c6 3. cxd5 cxd5 4. Bf4 Nc6 5. Nc3 Nf6 6. e3 Bf5 7. Nf3 e6 8. Qb3 Bb4 9. Ne5 {D14: Slav Defence: Exchange variation with ...Bf5} Bxc3+ 10. bxc3 Nxe5 11. Bxe5 O-O {LiveBook: 13 Games} 12. Rc1 Ne4 13. h4 f6 14. Bh2 $1 {[#]} Rc8 $146 ({Predecessor:} 14... Qd7 15. Bb5 Qe7 16. Be2 Rac8 {1-0 (51) Zherebukh,Y (2640)-Robson,R (2660) Saint Louis 2018}) 15. f3 Nxc3 (15... Nd6 $11) 16. Rxc3 $16 Qa5 17. Kd2 Rxc3 18. Qxc3 Qxa2+ 19. Ke1 e5 {aiming for ...Rc8.} 20. Qd2 $1 {[%cal Rd2a2]} (20. dxe5 $2 Rc8 $19) 20... Qa1+ 21. Qd1 $2 (21. Kf2 $18) 21... Qb2 $1 $11 22. Be2 (22. dxe5 $11 {keeps the balance.} Rc8 23. Qxd5+ Kf8 24. Bc4 Qc1+ 25. Kf2 Qxc4 26. Qxc4 Rxc4 27. e4) 22... Rc8 $1 $17 {[%cal Rc8c1][%mdl 1024] Black has strong compensation.} 23. Kf2 {[#] And now dxe5 would win.} Rc2 $1 {White must now prevent ...exd4.} 24. Re1 b5 {Strongly threatening ...Rd2.} 25. g4 Be6 $36 {[%mdl 2048] Keeping White busy.} 26. Qd3 $2 {[#]} ({Don't blunder} 26. dxe5 $2 Rd2 $19) (26. Kg3 $17 {was called for.}) 26... e4 $1 $19 {[%cal Re4d3][%mdl 512]} 27. fxe4 Bxg4 {Hoping for ...Rd2.} ({Don't play} 27... Rd2 28. Rb1 $19) 28. Bd6 (28. exd5 $142 Rd2 29. Qe4 Rxe2+ 30. Rxe2 Qxe2+ 31. Kg1) 28... dxe4 29. Qxe4 {[%cal Re4e8]} Rxe2+ 30. Kg3 {[%cal Re4e8]} h5 31. Qe8+ $2 (31. Rxe2 Qxe2 32. Qa8+ Kh7 33. Qe4+ f5 34. Qf4) 31... Kh7 {( -> ...Rg2+)} 32. Qe4+ f5 33. Rxe2 Qxe2 (33... fxe4 $2 {too greedy.} 34. Rxb2 a6 35. Kf4 $18) 34. Qf4 Qe1+ 35. Qf2 Qh1 {Threatens to win with ...g5!} 36. Be7 (36. Qg2 $142 Qc1 37. Qf2) 36... a5 {[%cal Ba7a5,Ba5a4,Ba4a3][%mdl 32]} 37. Bd8 a4 38. Be7 Qc1 {...Qc7+ is the strong threat.} 39. Bc5 a3 40. Qa2 Qxe3+ {Precision: White = 37%, Black = 75%.} 0-1

[Event "68th RUS-ch Women Superfinal 2018"]
[Site "Satka"]
[Date "2018.08.28"]
[Round "4"]
[White "Gritsayeva, Oksana"]
[Black "Galliamova, Alisa"]
[Result "1-0"]
[WhiteElo "2391"]
[BlackElo "2424"]
[Annotator "TA"]
[PlyCount "127"]
[EventDate "2018.08.25"]
[EventType "tourn"]
[EventCountry "RUS"]
[SourceTitle "playchess.com"]
[Source "ChessBase"]
[SourceQuality "1"]

{[%evp 11,127,-63,-8,-116,-115,-104,-65,-50,-55,-56,-54,-60,-56,-62,-55,-93,-69,-50,-49,-85,-40,-96,-90,-96,-82,-87,-75,-81,-67,-83,-75,-81,-69,-69,-68,-68,-72,-75,-75,-60,-59,-71,-71,-91,-72,-77,-83,-124,-123,-134,-133,-179,-179,-184,-177,-211,-206,-181,-185,-279,-258,-289,-308,-274,-251,-340,-316,-437,-437,-496,-469,-397,-217,-427,-426,-539,-520,-490,-213,-191,-147,-131,-130,-223,-213,-185,-8,-8,-8,-58,-74,-78,0,0,0,0,0,0,0,0,0,0,0,0,0,0,0,-70,-80,-195,-195,-195,-13,-16,-8,-8,29980,29981]} 1. e4 e5 2. Nf3 Nc6 3. Bc4 Nf6 4. O-O Nxe4 5. Nc3 Nxc3 6. dxc3 Be7 {LiveBook: 26 Partien} (6... f6 $15) 7. Ng5 {C55: Zweispringerspiel} (7. Qd5 $11 O-O 8. Nxe5 Nxe5 9. Qxe5) (7. Qd5 O-O 8. Nxe5 Nxe5 9. Qxe5 Bf6 10. Qh5 c6 11. Re1 d5 12. Bd3 g6 13. Qf3 {½-½ (13) Pilavov,G (2605)-Bagrationi,A (2487) Cherkessk 2014}) 7... Bxg5 $17 8. Qh5 {[%csl Gc4][%cal Rh5f7]} g6 (8... Qf6 {with more complications.} 9. Qxg5 Qxg5 10. Bxg5 d6 11. Bd3 f5) 9. Qxg5 {Schwarz steht etwas besser.} Qxg5 10. Bxg5 O-O $146 ({Vorgänger:} 10... d6 11. f4 Be6 12. Bb5 exf4 13. Bf6 O-O 14. Rxf4 Rfe8 {½-½ (27) Kotsuba,A (2280)-Kazantsev,V (2150) Alushta 1999}) 11. f4 d6 12. Bd5 exf4 13. Rxf4 Be6 (13... Ne5 {is more complex.} 14. c4 Re8 15. Raf1 Bf5 16. b3 c6) 14. Bxc6 bxc6 15. Bf6 Bf5 16. Rf2 (16. Re1 $15) 16... Rfe8 17. c4 Re6 18. Bc3 Re4 19. b3 Rae8 20. h3 h5 21. Kf1 d5 22. cxd5 cxd5 23. Rd1 c6 24. Bd4 a6 25. c3 a5 26. Kg1 Rc8 27. b4 a4 28. a3 Rce8 29. Rfd2 Bc8 30. Rf1 f5 31. Rfd1 Ba6 32. Bf2 Kf7 33. Rd4 Re2 34. R4d2 Bc4 35. Rxe2 (35. h4 $142) 35... Rxe2 $19 {[%mdl 4096] Endspiel KTL-KTL} 36. Re1 {und die Idee Txe2 ließe Weiss weiter hoffen.} Ra2 37. Bc5 Bb5 38. h4 Rxa3 39. Re7+ Kf6 40. Re8 Ra1+ 41. Kh2 Ra2 (41... Bc4 $142 42. Rf8+ Kg7) 42. Rf8+ $2 (42. Kg3) 42... Kg7 43. Rc8 f4 44. Rf8 Bf1 (44... a3 $142 45. c4 dxc4 46. Rxf4 Rd2 47. Bd4+ Kg8) 45. Rxf4 Bxg2 46. Bd4+ Kg8 $1 47. Rf6 (47. Kg3 $17) 47... Bf1+ $1 48. Kg3 Bb5 $2 ({Lieber} 48... Rg2+ $19 49. Kf3 a3) 49. Rxg6+ $11 Kf7 50. Rg7+ Ke6 51. Kf4 a3 (51... Re2 $17 {Droht ...a3 und aus.} 52. Rg6+ Kd7 53. Rg7+ Re7) 52. Rg6+ $1 Kf7 53. Rg7+ Ke6 {...Te2 ist eine echte Drohung.} 54. Rg6+ $1 Kf7 55. Rg7+ Ke8 {zielt auf ...Te2 ab.} 56. Rg8+ Ke7 {Droht stark ...Th2.} 57. Rg7+ Kf8 58. Ra7 Ke8 59. Kf5 ({Besser ist} 59. Kg5 $11) 59... Bc4 $15 {Weiss muss nun ...Ta1 beachten.} 60. b5 (60. Kg6 $17) 60... cxb5 $19 ({Schwächer ist} 60... Bxb5 61. Ke6 $11) 61. Bc5 {[#]} b4 $2 (61... d4 $1 $19 {[%cal Rd4d3]} 62. Ra8+ (62. cxd4 Rf2+) 62... Kd7 63. Rxa3 Rxa3 64. Bxa3 dxc3) 62. cxb4 $11 Ra1 63. Bd4 a2 $2 {[%mdl 8192]} (63... Rf1+ $11 64. Ke6 Re1+ 65. Kd6 Re4) 64. Bxa1 {Precision: Weiß = 35%, Schwarz = 49%.} 1-0

[Event "68th RUS-ch Women Superfinal 2018"]
[Site "Satka"]
[Date "2018.08.28"]
[Round "4"]
[White "Protopopova, Anastasiya"]
[Black "Pogonina, Natalija"]
[Result "0-1"]
[WhiteElo "2332"]
[BlackElo "2469"]
[Annotator "TA"]
[PlyCount "78"]
[EventDate "2018.08.25"]
[EventType "tourn"]
[EventCountry "RUS"]
[SourceTitle "playchess.com"]
[Source "ChessBase"]
[SourceQuality "1"]

{[%evp 22,78,0,-4,12,7,20,4,23,16,6,12,11,-8,-8,-20,-12,-20,-14,-103,-102,-99,-96,-90,-91,-103,-83,-92,-94,-90,-25,-25,-30,-129,-127,-217,-42,-400,-392,-362,-331,-481,-464,-449,-408,-408,-408,-757,-745,-698,-679,-2433,-1216,-1214,-1198,-1027,-681,-29990,-29991]} 1. d4 Nf6 2. c4 e6 3. g3 d5 4. Nf3 Bb4+ 5. Bd2 Be7 6. Bg2 O-O 7. O-O Nbd7 8. Qc2 c6 9. Bf4 b6 10. cxd5 cxd5 11. Rc1 {E08: Closed Catalan: Main Line: 7 Qc2} Bb7 12. Qb3 {LiveBook: 8 Games} Ne4 (12... Rc8 13. Rxc8 Qxc8 14. Nc3 Nh5 15. Bg5 Bxg5 16. Nxg5 Nhf6 17. e3 Qb8 18. Bf1 Rc8 {½-½ (56) So,W (2788)-Karjakin,S (2760) London 2017}) 13. Nbd2 {The position is equal.} Nd6 14. h4 a5 $146 ({Predecessor:} 14... Nf6 15. a4 Rc8 16. a5 b5 17. Qd1 Rxc1 18. Qxc1 Qa8 {½-½ (42) Galytskyi,V (2389)-Rach,J (2348) ICCF email 2016}) 15. a4 h6 16. e3 Rc8 17. Ne5 (17. Bf1 {keeps more tension.} Ne4 18. Rxc8 Qxc8 19. Qd1 Bc6 20. Rc1) 17... Nxe5 18. Bxe5 Nc4 19. Nxc4 dxc4 20. Rxc4 (20. Qc2 $1 $11 {keeps the balance.} Qd7 21. Bxb7 Qxb7 22. h5) 20... Bxg2 $17 21. Rxc8 Qxc8 22. Kxg2 f6 23. Bf4 g5 24. hxg5 hxg5 25. Qd1 Rf7 ({Much worse is} 25... gxf4 $6 26. Qg4+ Kf7 27. Qh5+ Kg7 28. Qg4+ Kf7 29. Qh5+ Kg7 30. Qg4+ Kf7 $11) (25... Bb4 $17 26. Rc1 Qb7+ 27. d5 e5) 26. Rc1 $11 Qb7+ 27. d5 (27. e4 $1 $11) 27... Bc5 $17 ({But not} 27... gxf4 $6 28. Qg4+ Kf8 29. Qxe6 $11) 28. e4 (28. Bd6 $17 {was called for.} Bxd6 29. Rc6) 28... exd5 $2 (28... gxf4 $19 29. Qg4+ Kf8 30. Qxe6 fxg3) 29. Qh5 $2 {[%mdl 8192]} ({White should try} 29. Be3 $15 d4 30. Bd2) 29... gxf4 $19 30. Rh1 {[%csl Gh1][%cal Rh5h8] [#]} f3+ 31. Qxf3 (31. Kg1 $142 Rh7 32. Qe8+ Bf8 33. Rxh7 Qxh7 34. Qe6+ Qf7 35. Qg4+ Kh8 36. Qh4+ Kg7 37. Qg4+ Qg6 38. Qd7+ Kh6 39. Qd8) 31... dxe4 32. Qg4+ Rg7 33. Qe6+ Qf7 34. Qh3 (34. Qxe4 $142 Qb7 35. Qxb7 Rxb7 36. Rd1) 34... Qd5 35. Qh8+ Kf7 {[#] White must now prevent ...e3+.} 36. Rh5 Qd4 37. Rf5 e3 38. Qh5+ Ke7 39. Rf4 Qxf4 {Precision: White = 31%, Black = 58%.} 0-1

[Event "68th RUS-ch Women Superfinal 2018"]
[Site "Satka"]
[Date "2018.08.29"]
[Round "5"]
[White "Goryachkina, Aleksandra"]
[Black "Protopopova, Anastasiya"]
[Result "1-0"]
[WhiteElo "2535"]
[BlackElo "2332"]
[Annotator "TA"]
[PlyCount "67"]
[EventDate "2018.08.25"]
[EventType "tourn"]
[EventCountry "RUS"]
[SourceTitle "playchess.com"]
[Source "ChessBase"]
[SourceQuality "1"]

{[%evp 31,67,37,47,35,45,45,94,94,94,94,96,101,99,89,88,78,73,76,332,254,254,254,464,464,689,563,687,666,668,643,640,662,643,639,620,493,752,743]} 1. e4 e5 2. Nf3 Nc6 3. Bb5 a6 4. Ba4 Nf6 5. O-O Be7 6. Re1 b5 7. Bb3 O-O 8. c3 d6 9. h3 Nb8 10. d4 Nbd7 11. Nbd2 Bb7 12. Bc2 Re8 13. Nf1 Bf8 14. Ng3 g6 15. a4 Bg7 16. Bd3 c6 {LiveBook: 214 Games. C95: Closed Ruy Lopez: Breyer Variation with 10 d4} (16... exd4 17. cxd4 c5 18. axb5 axb5 19. Rxa8 Bxa8 20. dxc5 Nxc5 21. Bxb5 Rf8 22. e5 dxe5 23. Qxd8 Rxd8 24. Nxe5 {½-½ (39) Hou,Y (2658)-Vitiugov,N (2734) Belokurikha 2018}) 17. Bd2 d5 18. dxe5 Nxe4 {White is slightly better.} 19. Bxe4 dxe4 20. Bg5 Qc7 21. Nxe4 Nxe5 22. Nxe5 $146 ({Predecessor:} 22. Bf4 Rad8 23. Qe2 Nxf3+ 24. Qxf3 {½-½ (67) Sanakoev,G-Wolny,R ICCF corr 1987}) 22... Bxe5 {[#]} 23. f4 $1 $36 {[%mdl 2560] White is really pushing.} Bg7 (23... Bxf4 24. Nf6+) 24. Qd6 Qb6+ $2 {[%mdl 8192]} (24... Qxd6 $16 25. Nxd6 Rxe1+ 26. Rxe1 h6) 25. Kh1 Re6 26. a5 Qa7 $2 {[#]} (26... Rxd6 {was worth a try.} 27. axb6 Rd5) 27. Nf6+ $1 $18 {White is clearly winning.} Bxf6 (27... Rxf6 $142 28. Bxf6 Bf8) 28. Rxe6 Bxg5 29. fxg5 Rf8 30. Re7 Qa8 31. Qc7 Bc8 32. Rae1 {aiming for Re8.} Bf5 33. Qb7 Qd8 (33... Be6 $142 34. Qxa8 Rxa8) 34. Qxc6 {Precision: White = 97%, Black = 33%.} 1-0